Detalles MARC
| 000 -CABECERA |
| Longitud fija campo de control |
02000nim a2200385 i 4500 |
| 003 - • IDENTIFICADOR DELl NÚMERO DE CONTROL |
| Identificador del número de control |
CO-BoRNBP |
| 005 - • FECHA Y HORA DE LA ÚLTIMA TRANSACCIÓN |
| Fecha y hora de la última transacción |
20230508212056.0 |
| 007 - • CAMPO FIJO DE DESCRIPCIÓN FÍSICA |
| Campo fijo de descripción física |
vd cvadzs |
| 008 - • CÓDIGOS DE INFORMACIÓN DE LONGITUD FIJA |
| Códigos de información de longitud fija |
21 s2009 ck 125 b |||| |0| mcmul d |
| 020 ## - • NÚMERO INTERNACIONAL NORMALIZADO PARA LIBROS |
| Número Internacional Normalizado para Libros (ISBN) |
7506036008483 |
| 040 ## - FUENTE DE LA CATALOGACIÓN |
| Centro catalogador de origen |
CO-BoRNBP |
| Lengua de catalogación |
spa |
| Normas de descripción |
rda |
| Centro transcriptor |
CO-BoRNBP |
| 041 1# - • CÓDIGO DE LENGUA |
| Código de lengua del texto/banda sonora o título independiente |
jpn |
| Código de lengua original |
spa |
| 082 04 - • NÚMERO DE LA CLASIFICACIÓN DECIMAL DEWEY |
| Número de clasificación (R) |
791.43 |
| Número del ítem |
T14r |
| Número de edición |
22 |
| 100 1# - • PUNTO DE ACCESO PRINCIPAL-NOMBRE DE PERSONA |
| Nombre de persona |
Takahata, Isao |
| Fechas asociadas al nombre |
1935-2018 |
| Término indicativo de función |
autor |
| 245 10 - • TITULO PROPIAMENTE DICHO |
| Título |
Recuerdos del ayer |
| Mención de responsabilidad, etc. |
guión y dirección de Isao Takahata ; producción Hayao Miyazaki, Toshio Susuki |
| 246 33 - • VARIANTES DE TÍTULO |
| Título propio / Título en breve |
Only yesterday |
| 250 ## - • MENCIÓN DE EDICIÓN |
| Mención de edición |
1a. edición |
| 264 #1 - PRODUCCIÓN, PUBLICACIÓN , DISTRIBUCIÓN, FABRICACIÓN Y COPYRIGHT |
| Lugar de producción, publicación, distribución, fabricación |
México, México |
| Nombre del productor, editor, distribuidor, fabricante |
Zima Enterteinment |
| -- |
Studio Ghibli |
| Fecha de de producción, publicación, distribución, fabricación o copyright |
2010 |
| 300 ## - • DESCRIPCIÓN FÍSICA |
| Extensión |
1 DVD (118 minutos) |
| Otras características físicas |
estéreo, color |
| Dimensiones |
19 cm |
| 336 ## - TIPO DE CONTENIDO |
| Fuente |
rdacontent |
| Término de tipo de contenido |
imagen bidimensional en movimiento |
| Código de tipo de contenido |
tdi |
| 337 ## - TIPO DE MEDIO |
| Fuente |
rdamedia |
| Nombre del tipo de medio |
video |
| Código del tipo de medio |
v |
| 338 ## - TIPO DE SOPORTE |
| Fuente |
rdacarrier |
| Nombre del tipo de soporte |
videodisco |
| Código del tipo de soporte |
vd |
| 520 03 - • NOTA DE RESUMEN |
| Resumen, etc, |
"Taeko se aproxima a los treinta años de edad. Como ocurre con todo aquel que se acerque al umbral de los 30 sin estar casado, ella también debe soportar las exigencias de sus parientes, quienes la urgen a formar una familia. Un buen día, esta joven mujer decide escapar de su vida rutinariaen Tokio para reencontrarse con la tranquilidad del pueblo donde vivió su infancia, pero mucho más allá de un descanso, el regreso de Taeko a sus raíces significará un cambio definitivo en el curso de su vida y en el de la de alguien más" Tomado del estuche<br/><br/> |
| 521 ## - • NOTA DE PÚBLICO DESTINATARIO |
| Nota público destinatario (R ) |
Recomendado para público infantil mayor de 9 años |
| 546 ## - • NOTA DEL IDIOMA |
| Nota de lengua |
Película en japonés con subtítulos en español |
| 650 17 - • PUNTO DE ACCESO ADICIONAL DE MATERIA - TÉRMINO DE MATERIA |
| Término de materia o nombre geográfico como elemento inicial |
Películas cinematográficas japonesas |
| Subdivisión de forma |
DVD |
| Fuente del encabezamiento o término |
LEMB |
| 650 17 - • PUNTO DE ACCESO ADICIONAL DE MATERIA - TÉRMINO DE MATERIA |
| Término de materia o nombre geográfico como elemento inicial |
Películas animadas japonesas |
| Subdivisión de forma |
DVD |
| Fuente del encabezamiento o término |
LEMB |
| 650 17 - • PUNTO DE ACCESO ADICIONAL DE MATERIA - TÉRMINO DE MATERIA |
| Término de materia o nombre geográfico como elemento inicial |
Recuerdos |
| Subdivisión de forma |
DVD |
| Fuente del encabezamiento o término |
LEMB |
| 650 17 - • PUNTO DE ACCESO ADICIONAL DE MATERIA - TÉRMINO DE MATERIA |
| Término de materia o nombre geográfico como elemento inicial |
Dibujos animados |
| Subdivisión de forma |
DVD |
| Fuente del encabezamiento o término |
LEMB |
| 650 17 - • PUNTO DE ACCESO ADICIONAL DE MATERIA - TÉRMINO DE MATERIA |
| Término de materia o nombre geográfico como elemento inicial |
Historias de aventuras |
| Subdivisión de forma |
DVD |
| Fuente del encabezamiento o término |
LEMB |
| 650 17 - • PUNTO DE ACCESO ADICIONAL DE MATERIA - TÉRMINO DE MATERIA |
| Término de materia o nombre geográfico como elemento inicial |
Amor |
| Subdivisión de forma |
DVD |
| Fuente del encabezamiento o término |
LEMB |
| 700 1# - • PUNTO DE ACCESO ADICIONAL - NOMBRE DE PERSONA |
| Nombre de persona |
Miyazaki, Hayao |
| Fechas asociadas al nombre |
1941- |
| Término indicativo de función |
productor |
| 700 1# - • PUNTO DE ACCESO ADICIONAL - NOMBRE DE PERSONA |
| Nombre de persona |
Suzuki, Tashao |
| Fechas asociadas al nombre |
1948- |
| Término indicativo de función |
productor |
| 942 ## - ENTRADA DE ELEMENTOS AGREGADOS (KOHA) |
| Fuente de clasificaión o esquema |
Dewey Decimal Classification |
| Koha [por defecto] tipo de item |
DVD |